书目信息 |
| 题名: |
一个大国的崛起与崩溃
|
|
| 作者: | 沈志华, , 沈志华 主编 | |
| 分册: | 上 | |
| 出版信息: | 北京 社会科学文献出版社 2009 |
|
| 页数: | 400页 | |
| 开本: | 24cm | |
| 丛书名: | ||
| 单 册: | ||
| 中图分类: | K512.507 | |
| 科图分类: | ||
| 主题词: | 现代史--xian dai shi--研究--苏联--1917-1991 | |
| 电子资源: | ||
| ISBN: | 978-7-5097-0926-9 | |
| 000 | 00996cam0 2200289 450 | |
| 001 | 1936246924 | |
| 005 | 20110609090838.9 | |
| 010 | @a978-7-5097-0926-9@dCNY 49.00 | |
| 099 | @aCAL 012009133672 | |
| 100 | @a20090916d2009 ekmy0chiy0120 ea | |
| 101 | 0 | @achi |
| 102 | @aCN@b110000 | |
| 105 | @ay a 000yy | |
| 200 | 1 | @a一个大国的崛起与崩溃@Ayi ge da guo de jue qi yu beng kui@d= The rise and fall of a@FShen Zhi Hua Zhu Bian@f沈志华主编@h上 |
| 210 | @a北京@c社会科学文献出版社@d2009 | |
| 215 | @a400页@d24cm | |
| 320 | @a有书目 | |
| 510 | 1 | @aRise and fall of a superpower@zeng |
| 517 | 1 | @a苏联历史专题研究@Asu lian li shi zhuan ti yan jiu |
| 606 | 0 | @a现代史@Axian dai shi@x研究@y苏联@z1917-1991 |
| 690 | @aK512.507@v4 | |
| 701 | 0 | @a沈志华,@AShen Zhihua@f1950-@4主编@3CAL n2004153906#@7jt0yjt0y@7ec0yec0y |
| 701 | 0 | @a沈志华@AShen Zhi Hua@4主编 |
| 801 | 0 | @aCN@bBNU@c20090927 |
| 801 | 2 | @aCN@bPUL@c20091202 |
| 801 | 2 | @aCN@bZSU@c20110609 |
| 905 | @aBZT@dK512.507@e1-1 | |
| 一个大国的崛起与崩溃= The rise and fall of a/沈志华主编.上.-北京:社会科学文献出版社,2009 |
| 400页;24cm |
| ISBN 978-7-5097-0926-9:CNY 49.00 |
| ● |
| 相关链接 |
|
|
|
正题名:一个大国的崛起与崩溃
索取号:K512.507/1-1
 
预约/预借
| 序号 | 登录号 | 条形码 | 馆藏地/架位号 | 状态 | 备注 |
| 1 | 870525 | 2000870525 | 第二书库/ [索取号:K512.507/1-1] | 在馆 | |
| 2 | 870526 | 2000870526 | 第二书库/ [索取号:K512.507/1-1] | 在馆 | |
| 3 | 870527 | 2000870527 | 第二书库/ [索取号:K512.507/1-1] | 在馆 |